[Event "Charity Cup MCCT Prel 2022"]
[Site "Online"]
[Date "2022.03.15"]
[Round "8.8"]
[White "Navara, David"]
[Black "Rapport, Richard"]
[Result "1/2-1/2"]
[WhiteElo "2700"]
[BlackElo "2762"]
[Annotator "TA"]
[PlyCount "83"]
[EventDate "2022.03.18"]
[EventType "tourn"]
[EventCountry "NET"]
[SourceTitle "playchess.com"]
[Source "ChessBase"]
[SourceQuality "1"]

{[%evp 14,83,40,21,43,12,37,16,20,8,23,17,4,0,0,0,22,6,16,18,38,-35,39,67,64,44,39,16,9,31,66,70,49,52,79,63,82,0,0,0,0,0,0,0,0,0,0,0,0,0,0,0,0,0,0,0,0,0,0,0,0,0,0,0,0,0,0,0,0,0,0,0]} 1. d4 f5 2. g3 Nf6 3. Bg2 e6 4. c4 Be7 5. Nc3 O-O 6. Nf3 d5 7. O-O c6 8. Rb1 a5 {A95: Classical Dutch: Classical Stonewall: 7 Nc3 c6.} 9. a3 Nbd7 {[#]} 10. Ng5 $146 ({Predecessor:} 10. Qc2 Ne4 11. b4 axb4 12. axb4 Nxc3 13. Qxc3 Nf6 14. b5 Bd7 15. Ne5 Be8 16. bxc6 bxc6 {½-½ (59) Lange,L (1705)-Harlander,T (1594) Playchess.com INT 2020}) 10... Nb8 11. Qd3 h6 12. Nf3 {[%cal Bg5f3,Bf3e5,Be5g6][%mdl 32]} Nbd7 13. b4 axb4 14. axb4 Nb6 15. Ne5 Nfd7 {And now ...Nxe5 would win.} 16. Ng6 dxc4 17. Qe3 (17. Qc2 $14) 17... Rf6 (17... Rf7 $15) 18. Nxe7+ $14 Qxe7 19. b5 $1 Qd6 $1 (19... Nd5 $2 20. Bxd5 cxd5 {[#]} 21. Nxd5 $1 $16 {[%mdl 512]}) 20. bxc6 bxc6 21. Qd2 Nd5 22. e4 {[#] Threatens to win with e5.} Nxc3 23. Qxc3 {Black must now prevent e5.} fxe4 24. Bxe4 Rf8 25. Qxc4 {White is more active.} (25. Re1 $16) 25... Ba6 $11 {The position is equal.} 26. Qxc6 Qxc6 27. Bxc6 {A strong pair of Bishops.} Rab8 $1 28. Bf4 ({Much weaker is} 28. Rxb8 Nxb8 29. Bh1 Bxf1 30. Kxf1 Rd8 $17) 28... Bxf1 29. Rxf1 Rxf4 30. gxf4 {[%mdl 4096] Endgame KRB-KRN} Nf6 31. Rd1 Kf7 32. d5 exd5 33. Bxd5+ Nxd5 34. Rxd5 {KR-KR} Rb4 35. f5 Rf4 36. Kg2 Kf6 37. Kg3 Rxf5 38. Rd6+ Kf7 39. Rd7+ Kf6 40. Rd6+ Kf7 41. Rd7+ Kf6 42. Rd6+ {Weighted Error Value: White=0.11 (very precise) /Black=0.09 (flawless)} 1/2-1/2

[Event "Charity Cup MCCT Prel 2022"]
[Site "Online"]
[Date "2022.03.15"]
[Round "9.1"]
[White "Rapport, Richard"]
[Black "Niemann, Hans Moke"]
[Result "1-0"]
[WhiteElo "2762"]
[BlackElo "2642"]
[Annotator "TA"]
[PlyCount "105"]
[EventDate "2022.03.18"]
[EventType "tourn"]
[EventCountry "NET"]
[SourceTitle "playchess.com"]
[Source "ChessBase"]
[SourceQuality "1"]

{[%evp 9,105,0,0,0,12,14,10,15,20,16,39,35,44,44,43,30,36,9,45,11,8,7,20,13,27,0,0,0,105,92,93,89,90,93,87,85,85,59,147,98,103,54,99,85,213,204,202,64,66,21,26,19,16,12,23,23,24,31,31,16,58,67,66,64,57,52,62,0,0,1,2,4,4,0,8,8,8,0,0,-33,29,30,50,8,156,147,154,140,1024,1027,986,934,1254,1234,1237,1152,29991,29992]} 1. e4 e5 2. Nf3 Nc6 3. d3 Nf6 4. g3 Bc5 5. Bg2 d6 6. c3 {C44: Ponziani Opening and Scotch Gambit.} O-O 7. b4 $5 {[%cal Bb2b4,Bb4b5][%mdl 4] An interesting side line.} Bb6 8. O-O {The position is equal.} h6 9. a4 a5 10. b5 Ne7 11. Nbd2 Be6 12. d4 Ng6 {[#]} 13. Re1 $146 ({Predecessor:} 13. d5 Bd7 14. Ba3 Qc8 15. Rc1 Bh3 16. c4 Bxg2 17. Kxg2 Qg4 18. c5 dxc5 19. Bxc5 Bxc5 20. Rxc5 Nxe4 21. Nxe4 Qxe4 {1-0 (46) Weglicki,S (2146)-Trzeciak,R (1986) ICCF email 2019}) 13... Re8 14. Bb2 (14. d5 $5 {[%cal Rd5e6]} Bg4 15. Nc4 $14) 14... c6 15. c4 cxb5 16. cxb5 Rc8 17. h3 (17. dxe5 dxe5 18. h3 (18. Nxe5 $2 Bxf2+ 19. Kxf2 Qb6+ 20. Kf1 Nxe5 $19) 18... Qd6 $17) (17. d5 $5 {[%cal Rd5e6]} Bg4 18. Qb3 $14) 17... Qd7 18. Kh2 d5 (18... exd4 $11 {remains equal.} 19. Nxd4 Ne5) 19. Nxe5 $16 Nxe5 20. dxe5 Nxe4 21. Nxe4 dxe4 22. Qxd7 (22. Bxe4 $6 Qxd1 23. Raxd1 (23. Rexd1 Bxf2 24. Rac1 Rxc1 $11) 23... Bxf2 $11) 22... Bxd7 23. Bxe4 Rc7 ({Black should play} 23... Rc4 $14) 24. Re2 (24. Rac1 $142) 24... Be6 25. Ba3 ({White should try} 25. Rd2 $16) 25... Bc4 (25... Rc4 $14 {is more appropriate.}) 26. Rc2 {White is more active.} (26. Rd2 {keeps more tension.} Be6 27. Bd6 Rd7 28. f4 f5 29. Bd5) 26... Bb3 (26... Rxe5 $16 27. Bxb7 Rxb7 28. Rxc4 Re2) 27. Rxc7 $18 Bxc7 28. Bb2 (28. Bxb7 $18 {Black must now prevent Bd6.} Bxe5 29. Rc1) 28... b6 29. f4 (29. Rc1 $14 Bxe5 30. Bxe5) 29... Rd8 $11 30. Bc3 {To avoid Rd2+} Rd1 31. Ra3 Bc4 32. Kg2 Bd8 33. Bf3 Rc1 34. Bd4 Rc2+ (34... Be7 $11 35. Re3 Bd8) 35. Kg1 $14 Rc1+ 36. Kf2 Be7 37. Re3 Bd8 38. h4 (38. Be2 $14) 38... Rc2+ $11 39. Ke1 Ra2 40. Bd1 {And now Rc3 would win.} Be7 41. f5 $36 {[%mdl 2048] White is more active.} Bb4+ 42. Bc3 {Bxb4 is the strong threat.} Bc5 (42... Ra3 $5 43. Kd2 Ra2+ 44. Kc1 Bc5 $11) 43. Rf3 Bd5 44. Rf1 (44. Rd3 $2 Bf2+ 45. Kf1 Bc4 $19) (44. Rf4 $5 {[%cal Rf4d4]}) 44... Bg2 (44... Rh2 $15) 45. Rf4 Be3 46. Bb3 (46. e6 $1 $14 Bxf4 47. gxf4 fxe6 48. fxe6 (48. Bd4 Bd5 $14)) 46... Ra3 {[#]} (46... Bxf4 $11 47. Bxa2 Bxg3+ 48. Ke2 Bxh4) 47. e6 $1 $16 {[%cal Be5e6,Be6f7][%mdl 32]} Bc5 {[#]} (47... Rxb3 $2 48. e7 $1 Rxc3 49. e8=Q+ $18) 48. Bd4 $1 {Strongly threatening Bxc5.} ({Weaker is} 48. exf7+ Kf8 49. Bxg7+ (49. f6 $2 g5 $19) 49... Kxg7 50. Rg4+ Kf6 $15) 48... Bd6 {[%mdl 8192]} (48... Rxb3 $16 49. Bxc5 bxc5) 49. exf7+ $18 Kf8 50. Be6 {aiming for Rg4.} ({Not} 50. f6 $2 g5 51. Rf2 Bxg3 $19) 50... Rxg3 {[#]} 51. Bxb6 $1 {Hoping for Rd4.} Rd3 (51... Rf3 52. Rc4) 52. Rc4 {Threatening mate with Rc8+.} Bb4+ {[#]} 53. Rxb4 $1 {Weighted Error Value: White=0.14 (very precise) /Black=0.34} 1-0

[Event "Charity Cup MCCT Prel 2022"]
[Site "Online"]
[Date "2022.03.15"]
[Round "9.3"]
[White "Praggnanandhaa R"]
[Black "Carlsen, Magnus"]
[Result "0-1"]
[WhiteElo "2612"]
[BlackElo "2865"]
[Annotator "TA"]
[PlyCount "86"]
[EventDate "2022.03.18"]
[EventType "tourn"]
[EventCountry "NET"]
[SourceTitle "playchess.com"]
[Source "ChessBase"]
[SourceQuality "1"]

{[%evp 17,86,42,38,20,14,5,8,0,1,0,0,-21,-12,-39,-24,-56,-44,-41,-44,-52,-6,-34,-15,-36,-17,-54,-38,-39,-23,-21,0,0,0,0,9,10,9,4,10,8,0,5,3,0,0,-35,-35,-60,-59,-244,0,-2435,-1773,-2206,-2023,-29980,-792,-5252,-5243,-29988,-29989,-29991,-29978,-29987,-29988,-29991,-29992,-29992,-29988,-29988,-29989]} 1. d4 Nf6 2. c4 g6 3. Nc3 d5 4. cxd5 Nxd5 5. e4 Nxc3 6. bxc3 Bg7 7. Nf3 c5 8. Be3 Bg4 9. Rc1 O-O 10. Be2 {D85: Exchange Grünfeld: Unusual White 7th moves and lines with 7 Nf3.} Qa5 11. O-O Qxa2 {[#]} 12. d5 $146 {The position is equal.} ({Predecessor:} 12. Ra1 Qb2 13. Qd3 Qb6 14. Rfb1 Qc7 15. Qc4 b6 16. h3 Bd7 17. dxc5 bxc5 18. Qxc5 Qxc5 19. Bxc5 {½-½ (37) Le,Q (2714)-Vachier Lagrave,M (2780) Caleta 2019}) 12... Nd7 13. h3 Bxf3 14. gxf3 Qa5 15. Qd2 c4 16. Qb2 b5 17. Ra1 Qxc3 18. Qxb5 {[#]} Nb6 (18... Qc2 $1 $15 {might be stronger.} 19. Bd1 Qb2 20. Qxb2 Bxb2) 19. Rac1 Qf6 20. Kg2 c3 21. f4 e5 22. dxe6 Qxe6 23. e5 Nd5 {And now ...Rab8 would win.} 24. Bg4 Nxe3+ 25. fxe3 Qa2+ 26. Rf2 Qa3 27. Rfc2 Rab8 28. Qc4 Rb2 29. Kg3 h5 $132 {[%mdl 2048] Strongly threatening ...Rxc2. Black is not holding back} 30. Bf3 h4+ 31. Kh2 ({Avoid the trap} 31. Kxh4 $2 Bxe5 $1 {[%mdl 512]} 32. Kg3 (32. fxe5 $2 Rb4 $19) 32... Bg7 $17) (31. Kf2 $5) 31... Rd8 {White must now prevent ...Rd2+.} 32. Bd5 Kh7 33. Kg1 $2 {[#]} (33. Kg2 $1 $15) 33... Qa5 $2 (33... Rxc2 $1 $19 34. Rxc2 Qa1+ 35. Kf2 Qd1) 34. e4 $2 {[%mdl 8192]} (34. Bxf7 $11 Rxc2 35. Rxc2 Qa1+ 36. Kh2 (36. Qf1 $2 Rd1 $19) 36... Rd2+ 37. Rxd2 cxd2 38. Bxg6+ Kxg6 39. Qe6+ Kh7 40. Qf5+ Kh8 41. Qc8+ Kh7 42. Qf5+ (42. Qc2+ Kg8 $11) 42... Kh6 43. Qe6+ Kh7 44. Qf5+) 34... Qb6+ $19 35. Kg2 Qe3 {[%csl LRc1,LRf4]} 36. Qf1 {[#]} Bh6 (36... Rxd5 $142 $1 {[%mdl 512]} 37. exd5 Qe4+ 38. Kg1 Rxc2 39. Rxc2 Qxc2 40. Qe1 Qd2 41. Qxh4+ Kg8 42. Qf2 Qxf2+ 43. Kxf2 c2 44. f5 gxf5 45. e6 c1=Q 46. e7 Qd2+ 47. Kf3 Qe1 48. d6 Qe4+ 49. Kg3 Be5+ 50. Kf2 Bd4+ 51. Kg3 Qe3+ 52. Kh4 Bf6+ 53. Kh5 Qxh3#) 37. Kh1 Bxf4 {( -> ...Qg3)} 38. Rxb2 cxb2 {Black mates.} 39. Rb1 Qg3 {[%csl Gf4][%cal Rg3h2]} 40. Rxb2 Rc8 41. e6 Rc1 42. Qxc1 Qxh3+ 43. Kg1 Bxc1 {Weighted Error Value: White=1.00/Black=0.36} 0-1

[Event "Charity Cup MCCT Prel 2022"]
[Site "Online"]
[Date "2022.03.15"]
[Round "9.4"]
[White "Van Foreest, Jorden"]
[Black "Ding, Liren"]
[Result "1-0"]
[WhiteElo "2702"]
[BlackElo "2799"]
[Annotator "TA"]
[PlyCount "53"]
[EventDate "2022.03.18"]
[EventType "tourn"]
[EventCountry "NET"]
[SourceTitle "playchess.com"]
[Source "ChessBase"]
[SourceQuality "1"]

{[%evp 14,53,29,41,47,30,39,31,27,13,6,19,17,12,56,56,62,61,56,55,62,18,58,-12,48,31,37,39,46,68,104,116,162,152,159,155,188,215,494,489,467,475]} 1. e4 e5 2. Nf3 Nc6 3. Bc4 Nf6 4. Ng5 d5 5. exd5 Na5 6. Bb5+ c6 7. dxc6 bxc6 8. Bd3 $1 {[%mdl 4] is now more promising than 8.Be2.} Nd5 {C58: Two Knights: 4 Ng5 d5 5 exd5 Na5 sidelines.} 9. Nf3 (9. Qh5 g6 10. Nxf7 gxh5 $17) 9... Bd6 10. O-O Nf4 {White is slightly better.} 11. Nc3 Nxd3 12. cxd3 {[%cal Ob2b4]} O-O 13. Ne4 Re8 (13... c5 $11) 14. Qa4 $14 Bf8 15. b4 Nb7 16. Qxc6 {[#]} Qd7 $146 ({Predecessor:} 16... Rb8 17. Qc3 Nd6 18. Rb1 Nb5 19. Qa1 Qxd3 20. Re1 Bf5 21. Rb3 Qd5 22. Rbe3 Bxb4 {0-1 (30) Hoffmann,J (1911)-Arndt,M (2120) Kiel 2018}) 17. Qc3 (17. Qxd7 $14 Bxd7 18. Bb2) 17... a5 18. Nxe5 ({Better is} 18. Ba3 $14) 18... Qd5 (18... Qb5 $1 $11 19. Bb2 axb4) 19. Nc6 $1 {[%cal Be5c6,Bc6d4,Bd4f3,Bf3d4][%mdl 32] Strongly threatening Bb2.} Ra6 20. b5 Qxb5 21. Nd4 Qh5 22. Ba3 {Prevents Nc5.} Rh6 (22... Bxa3 $16 23. Qxa3 Rh6) 23. Nf3 $1 $18 ({Reject} 23. h3 $6 Bxa3 24. Qxa3 Bxh3 $1 $14) 23... Bxa3 24. Qxa3 $40 {[%mdl 128] White is out for blood.} Bg4 25. Rfe1 {[%cal Oe4f6] White threatens Nf6+! and mate.} Rhe6 {[#] Prevents Nf6+.} (25... Bxf3 $2 26. Nf6+ $1 {[%mdl 512]} gxf6 27. Rxe8+ Kg7 28. Qf8+ (28. h3 Nc5 $17) 28... Kg6 29. gxf3 $18) (25... Ra8) 26. Nd4 $1 Re5 27. f4 {Weighted Error Value: White=0.08 (flawless) /Black=0.30} 1-0

[Event "Charity Cup MCCT Prel 2022"]
[Site "Online"]
[Date "2022.03.15"]
[Round "9.5"]
[White "Anton Guijarro, David"]
[Black "Hansen, Eric"]
[Result "1/2-1/2"]
[WhiteElo "2691"]
[BlackElo "2606"]
[Annotator "TA"]
[PlyCount "64"]
[EventDate "2022.03.18"]
[EventType "tourn"]
[EventCountry "NET"]
[SourceTitle "playchess.com"]
[Source "ChessBase"]
[SourceQuality "1"]

{[%evp 9,64,6,3,11,7,9,10,10,6,4,10,4,7,9,8,7,14,16,9,1,10,0,12,0,0,0,0,0,0,12,21,0,0,0,0,-2,0,0,0,-6,0,0,0,-1,54,27,34,20,22,0,49,0,19,0,3,0,20]} 1. e4 c5 2. Nf3 d6 3. c3 Nf6 4. Be2 Bd7 5. e5 dxe5 6. Nxe5 {B50: Sicilian: 2...d6, Miscellaneous.} Nc6 7. Nxd7 Qxd7 8. O-O e6 9. a4 Be7 10. Na3 O-O 11. d3 Rfd8 12. Nc4 Qc7 {[#]} 13. g3 $146 ({Predecessor:} 13. Qb3 Rab8 14. Rd1 {½-½ (14) Cabarkapa,N (2314)-Kumic,F (2247) Subotica 2012}) 13... Nd5 14. Qb3 Rd7 15. Re1 Rad8 16. Bf1 {[%cal Be2f1,Bf1g2,Bg2e4][%mdl 32]} Na5 17. Qc2 Bf6 18. Bg2 h6 19. h4 Nc6 20. Qe2 b6 21. Be4 a6 22. Qc2 b5 23. axb5 axb5 24. Ne3 Ne5 25. Nxd5 exd5 26. Bg2 c4 ({Black should try} 26... d4 $11) 27. dxc4 dxc4 28. Bf4 Qc5 29. Be3 {This bishop pair is nice.} Qc7 (29... Qd6 $11 {deserves consideration.}) 30. Bf4 {[#] aiming for Qf5.} Qc5 {The position is equal.} 31. Be3 Qd6 32. Bf4 Qc5 {Weighted Error Value: White=0.07 (flawless) /Black=0.08 (flawless)} 1/2-1/2

[Event "Charity Cup MCCT Prel 2022"]
[Site "Online"]
[Date "2022.03.15"]
[Round "9.6"]
[White "Jones, Gawain C B"]
[Black "Harikrishna, Pentala"]
[Result "1/2-1/2"]
[WhiteElo "2671"]
[BlackElo "2719"]
[Annotator "TA"]
[PlyCount "53"]
[EventDate "2022.03.18"]
[EventType "tourn"]
[EventCountry "NET"]
[SourceTitle "playchess.com"]
[Source "ChessBase"]
[SourceQuality "1"]

{[%evp 9,53,-2,0,0,0,7,6,3,8,2,13,4,-3,-15,-6,-23,-20,-35,-24,-40,-24,-14,-33,-36,-23,-31,-15,-13,-24,-26,-14,-14,-15,-15,-15,-16,-16,-16,-2,-2,0,-19,0,-4,0,-16]} 1. e4 c6 2. d4 d5 3. exd5 cxd5 4. Nf3 Nc6 5. Bb5 Bg4 6. h3 {B13: Caro-Kann: Exchange Variation and Panov-Botvinnik Attack.} Bxf3 $1 {The main line 6...Bxf3 scores better than 6...Bh5.} 7. Qxf3 a6 8. Bxc6+ bxc6 9. O-O e6 10. c4 Bd6 11. Nc3 Qf6 {[#]} 12. Qd1 $146 ({Of course not} 12. cxd5 Qxf3 13. gxf3 cxd5 $17) ({Predecessor:} 12. Qxf6 Nxf6 13. c5 Bc7 14. b4 Rb8 15. Rb1 h6 16. Bd2 Kd7 17. f3 g5 18. a4 {1-0 (58) Maekinen,E-Granath,S Tampere 1994}) 12... Ne7 {[%cal Bg8e7,Be7g6,Bg6h4,Bh4f5][%mdl 32]} 13. cxd5 exd5 ({Much weaker is} 13... cxd5 14. Qa4+ Kf8 15. Nb5 $11) 14. Re1 O-O {[%cal Bh8f8,Bf8e8,Be8e6][%mdl 32]} 15. Qg4 {[#] Black must now prevent Bg5.} h6 {Prevents Bg5.} 16. Ne2 Ng6 {Prevents Bf4.} 17. Be3 Rfe8 18. Ng3 $1 Bxg3 19. Qxg3 Re6 20. Rac1 {The position is equal.} Rae8 21. Rc3 $1 Nh4 {[#] And now ...Qd8 would win.} 22. Rec1 $1 Nf5 {[%csl LRd4,LRg3]} 23. Qf3 Qg6 24. Qg4 Qf6 {[%cal Rf5e3]} 25. Qf3 Qg6 26. Qg4 Qf6 {[%cal Rf5e3]} 27. Qf3 {Weighted Error Value: White=0.04 (flawless) /Black=0.03 (flawless)} 1/2-1/2

[Event "Charity Cup MCCT Prel 2022"]
[Site "Online"]
[Date "2022.03.16"]
[Round "9.7"]
[White "Le, Quang Liem"]
[Black "Duda, Jan-Krzysztof"]
[Result "1-0"]
[WhiteElo "2709"]
[BlackElo "2760"]
[Annotator "TA"]
[PlyCount "157"]
[EventDate "2022.03.18"]
[EventType "tourn"]
[EventCountry "NET"]
[SourceTitle "playchess.com"]
[Source "ChessBase"]
[SourceQuality "1"]

{[%evp 21,157,16,16,13,25,0,9,8,15,15,8,0,0,0,10,-37,-33,-41,-21,-16,-20,-18,-17,-14,0,0,33,43,41,41,116,121,163,142,137,147,459,452,639,627,593,598,643,634,612,596,547,543,846,622,587,370,372,343,320,317,452,440,604,593,493,326,321,328,318,320,462,462,553,541,970,1007,1067,837,1618,1603,1454,806,646,610,1730,595,1768,1530,3793,1618,3810,2538,2497,3814,2752,2581,1727,1679,29968,29973,29973,29974,29972,29970,5339,29955,29983,29978,29987,29985,29994,29980,29979,29980,29980,29973,29973,29965,29983,29978,29983,29976,29976,29977,29983,29981,29981,29982,29984,29985,29985,29986,29986,29986,29987,29988,29988,29989,29989,29990,29990,29991]} 1. d4 Nf6 2. c4 e6 3. Nf3 d5 4. Nc3 c6 5. e3 Nbd7 6. Qc2 Bd6 7. Bd3 O-O 8. O-O dxc4 9. Bxc4 b5 10. Be2 Bb7 11. e4 {Nowadays more popular than 11.Rd1.} e5 12. dxe5 {D46: Semi-Slav: 5 e3 Nbd7 6 Bd3, Black avoids the Meran.} Nxe5 13. Nd4 Neg4 14. g3 {The position is equal.} Bc5 15. Nf5 {[%cal Oe4e5] And now e5! would win.} Re8 16. Bxg4 Nxg4 17. Bf4 Qb6 {[#]} 18. a4 $1 $146 {[%mdl 8] An important novelty.} (18. Qe2 $11 Nf6 19. Bg5) ({Predecessor:} 18. Rac1 g6 19. h3 Ne5 20. Nh6+ Kg7 21. b4 Bd6 22. Ng4 Nf3+ 23. Kg2 Bxf4 24. gxf4 {0-1 (59) Martinovic,S (2555)-Saric,I (2691) Bjelovar 2019}) 18... b4 $15 19. Nd1 Ba6 20. a5 $1 Qb5 {[%csl Ga6][%cal Rb5f1]} 21. Nde3 {Chess con chili.} Nxe3 22. Bxe3 Bf8 {This bishop pair is nice.} 23. Rfd1 $1 Rad8 24. Rxd8 Rxd8 25. Nd4 Qh5 (25... Qe5 $14) 26. Qxc6 $16 (26. Nxc6 Rc8 27. Qa4 (27. Bxa7 $2 Bb7 $19) 27... Bb5 28. Qxb5 Qxb5 $19) 26... Bd3 (26... Qg6 $16 27. Qxg6 hxg6) 27. Qc7 $18 {[%csl LRa7,LRd8]} Re8 {[#]} 28. f3 ({Much worse is} 28. Qxa7 $6 Bxe4 29. Qc7 Bc5 $11) 28... Qh3 $2 {[%mdl 8192] This costs Black the game.} (28... Qc5 $16 29. Rc1 Qxc7 30. Rxc7 a6) 29. Nf5 Be2 {[#]} (29... Bb5 $142 30. Qxa7 g6) 30. Qd7 $1 Re6 31. Qc8 {Bc5 would kill now.} h5 32. Bc5 Kh7 {[%cal Oe6e8] aiming for ...Re8!} 33. Qxf8 {[%csl Gf5][%cal Rf8g7]} Rg6 34. Qxf7 ({Inferior is} 34. Nd4 Rxg3+ 35. hxg3 Qxg3+ 36. Kh1 Qh3+ 37. Kg1 Qg3+ 38. Kh1 Qh3+ 39. Kg1 Qg3+ $11) 34... h4 {[%cal Rh4g3]} 35. Bf2 hxg3 36. Bxg3 Bxf3 {[%csl Gf3][%cal Rh3g2] [#]} 37. Qxg6+ $3 Kxg6 {[%csl Gf3][%cal Rh3g2]} 38. Nh4+ Kh5 (38... Kh6 $142) 39. Nxf3 Qg4 40. Kf2 Qxe4 41. Re1 Qc2+ 42. Re2 Qc5+ 43. Kg2 {Strongly threatening Re5+.} Kg6 (43... Qc4 {was necessary.} 44. Re5+ Kh6) 44. a6 Qc6 45. Re7 Qxa6 46. Be5 {To avoid Qf6} Kf5 47. Bd4 Qc6 48. Rxa7 g5 49. Kg3 {Black must now prevent Re7.} Qd6+ 50. Be5 Qd3 51. h3 (51. Bd4 $142 Qb5 52. Re7 Qb8+ 53. Kf2) 51... Qb3 52. Bd4 Ke4 53. Re7+ Kd5 54. Re5+ Kc4 55. Rxg5 Kd3 56. h4 {[%cal Bh3h4,Bh4h5,Bh5h6][%mdl 32]} Qe6 57. h5 {Hoping for Bg7.} b3 58. Bg7 Qd6+ 59. Re5 Kc2 60. Kf2 Kb1 61. h6 Qg6 {White mates.} 62. Rg5 Qh7 63. Rh5 Ka2 64. Rh4 Qc2+ 65. Kg3 Qg6+ 66. Rg4 Qd6+ 67. Kh4 Qd3 68. Rf4 Qg6 69. Nd2 {[%cal Rf4a4]} Qe8 70. Ne4 Qg6 71. Rg4 Qf5 72. Ng5 Qg6 73. Re4 Kb1 74. Re6 Qc2 75. h7 Qf2+ 76. Kh5 Qh2+ 77. Kg6 Qc2+ 78. Re4 Qc6+ 79. Bf6 {Weighted Error Value: White=0.20 (precise) /Black=0.53} 1-0

[Event "Charity Cup MCCT Prel 2022"]
[Site "Online"]
[Date "2022.03.15"]
[Round "9.8"]
[White "Ju, Wenjun"]
[Black "Vidit, Santosh Gujrathi"]
[Result "0-1"]
[WhiteElo "2560"]
[BlackElo "2727"]
[Annotator "TA"]
[PlyCount "82"]
[EventDate "2022.03.18"]
[EventType "tourn"]
[EventCountry "NET"]
[SourceTitle "playchess.com"]
[Source "ChessBase"]
[SourceQuality "1"]

{[%evp 12,82,43,39,34,39,47,44,58,50,44,40,37,39,49,68,60,0,50,45,67,29,33,21,9,19,18,-99,-78,-91,-103,-83,-80,-107,-102,-117,-107,-118,-78,-72,-56,-56,-52,-86,-93,-107,-108,-245,-251,-281,-291,-295,-140,-145,-154,-857,-908,-2189,-2380,-6407,-6319,-2422,-2408,-5214,-2104,-2165,-2154,-29993,-29994,-29994,-29995,-29995,-1015]} 1. d4 f5 2. g3 Nf6 3. Bg2 e6 4. c4 d5 5. Nh3 Be7 6. O-O O-O 7. Nd2 Nc6 {A91: Classical Dutch: Early Deviations.} 8. e3 a5 9. b3 {[#]} b6 $146 {White is slightly better.} ({Predecessor:} 9... Qd7 10. Nf4 b6 11. Bb2 Ba6 12. Rc1 a4 13. bxa4 Na5 14. cxd5 exd5 15. Nf3 Bxf1 {1-0 (42) Laube,B (2417)-Jaeger,F (2046) ICCF email 2009}) 10. Bb2 a4 11. bxa4 Ba6 12. Re1 Qd7 13. cxd5 exd5 14. Bc3 (14. Rc1 $14) 14... Kh8 ({Better is} 14... Ne4 $11 15. Nxe4 fxe4) 15. Qb3 $14 Ne4 16. Nf4 (16. Rec1 $5 {[%cal Rh3f4]}) 16... Nxd2 17. Bxd2 Bc4 18. Qd1 g5 {Prevents h4.} 19. Ne2 {[#]} (19. Nh3 $1 $11 {was the only way to keep the balance.}) 19... Nb4 $1 $17 {[%cal Bc6b4,Bb4d3,Bd3b2,Bb2a4,Ba4b6,Bb6c4][%mdl 32]} 20. Nc3 Nd3 21. Rf1 Nb2 {[%csl LRa4,LRd1,LRf1]} 22. Qc2 Nxa4 ({Much worse is} 22... Bxf1 $6 23. Rxf1 Nc4 24. Bxd5 Nxd2 25. Qxd2 $11) 23. Rfc1 b5 24. Nd1 Nb6 (24... Ba3 {is interesting.} 25. Rcb1 c6 26. f4 g4 27. Nf2 Nb6) 25. Nb2 Ra3 26. Nxc4 Nxc4 27. Be1 c6 28. Bf1 Bd6 29. Bd3 {[#]} (29. Qe2 $17) 29... f4 $1 $19 30. exf4 gxf4 31. Rd1 Qh3 (31... fxg3 $19 {is more deadly.} 32. hxg3 Rf6) 32. Bf1 $17 Qh5 $40 {[%mdl 128] White must now prevent ...fxg3. Black is out for blood. Black is much more active.} 33. Rd3 {Loses the game.} (33. Qe2 $17 Qf5 34. Rd3) 33... fxg3 $19 34. hxg3 {[#]} Bxg3 $1 {[%mdl 512] ( -> ...Qh2#)} 35. fxg3 {[#]} (35. Bg2 Bh2+) 35... Rxf1+ $1 {[%mdl 576] Deflection} 36. Kxf1 Qh1+ 37. Ke2 Qe4+ 38. Kf1 Rxd3 39. Qe2 Qh1+ {Black mates.} 40. Kf2 Qh2+ 41. Kf1 Ne3+ {Weighted Error Value: White=1.09/Black=0.10 (very precise)} 0-1

[Event "Charity Cup MCCT Prel 2022"]
[Site "Online"]
[Date "2022.03.15"]
[Round "10.1"]
[White "Niemann, Hans Moke"]
[Black "Vidit, Santosh Gujrathi"]
[Result "1/2-1/2"]
[WhiteElo "2642"]
[BlackElo "2727"]
[Annotator "TA"]
[PlyCount "79"]
[EventDate "2022.03.18"]
[EventType "tourn"]
[EventCountry "NET"]
[SourceTitle "playchess.com"]
[Source "ChessBase"]
[SourceQuality "1"]

{[%evp 11,79,12,12,4,14,0,19,11,18,0,23,8,20,0,0,0,17,0,0,0,0,0,0,0,0,0,0,-10,7,0,0,-19,0,-38,-29,-40,0,0,0,0,0,0,0,0,0,0,0,0,0,0,0,0,0,0,0,0,0,0,0,0,0,0,0,0,0,0,0,0,0,0]} 1. c4 c5 2. Nf3 Nf6 3. Nc3 Nc6 4. d4 cxd4 5. Nxd4 e6 6. Bf4 d5 7. cxd5 {A33: Symmetrical English: 2 Nf3 Nf6 3 d4 cxd4 4 Nxd4 e6 5 Nc3 Nc6.} Nxd5 8. Nxc6 bxc6 9. Bd2 Bb4 10. Qa4 Qb6 11. a3 Bxc3 12. bxc3 O-O 13. e4 Nf6 14. Bd3 {[#]} Ng4 $146 ({Predecessor:} 14... Rd8 15. Be2 e5 16. Be3 Qb2 17. Rc1 Rb8 18. f3 Qa2 19. Kf2 Rb2 20. Rhe1 Be6 21. Kf1 Rxe2 22. Rxe2 Bc4 23. Rcc2 Qa1+ {½-½ (23) Mager,D (2120)-Neelotpal,D (2428) Hofheim 2014}) 15. O-O Rd8 16. Qc2 ({Much weaker is} 16. Be2 {[#]} Nxf2 $1 {[%mdl 512]} 17. Rxf2 Rxd2 $17) 16... Ba6 17. Bxa6 Qxa6 18. Bf4 Qc4 19. Rfd1 e5 20. Rxd8+ Rxd8 21. Rd1 Rxd1+ 22. Qxd1 {[%cal Rd1d8] [#]} h5 23. Bg5 Qxc3 (23... Qc5 $5 {[%cal Rg4f2]} 24. Bh4 Qxc3 $11) 24. h3 {The position is equal.} Nf6 25. Qd8+ $1 Kh7 {aiming for ...Qe1+.} 26. Bxf6 Qc1+ 27. Kh2 Qf4+ 28. Kg1 {And now Bg5 would win.} gxf6 $11 {[%mdl 4096] Endgame KQ-KQ} 29. Qf8 $1 Qc1+ 30. Kh2 Qc4 31. f3 c5 32. Kg3 f5 33. exf5 h4+ 34. Kf2 Qc2+ 35. Kg1 Qc1+ 36. Kh2 Qf4+ 37. Kh1 Qc1+ 38. Kh2 Qf4+ 39. Kh1 Qc1+ 40. Kh2 {Weighted Error Value: White=0.02 (flawless) /Black=0.03 (flawless)} 1/2-1/2